00000000nam##2200000za#4500
0019.643373
003CaOODSP
00520210624224135
007cr |||||||||||
008150407|1980||||xxc|||||o    f|0| 0 fre|d
040 |aCaOODSP|bfre
043 |an-cn---
0861 |aA53-1685/1980F-PDF
1101 |aCanada.|bAgriculture Canada. |bDirection générale de recherche.
24510|aPelouses privées / |h[ressource électronique]|c[par] W.E. Cordukes.
260 |aOttawa - Ontario : |bAgriculture Canada. |c1980.
300 |a36p.|bfigure, tableaux, photographies
500 |aPublication historique numérisée par Agriculture et Agroalimentaire Canada. -- «Cette publication remplace la brochure 1163, Pelouses.»--p. 3 de 36.
590 |a14-11-Supp|b2014-05-21
69107|aHorticulture|2gcpds
69107|aJardinage|2gcpds
77508|tHome lawns / |w(CaOODSP)9.699383
85640|ahttp://publications.gc.ca|qPDF|s2.9 Mo|uhttps://publications.gc.ca/collections/collection_2014/aac-aafc/agrhist/A53-1685-1980-fra.pdf
986 |a1685